Computational Materials Science

Na minha lista:
Detalhes bibliográficos
Autor principal: Leszczynski, J. (Author)
Formato: Livro
Idioma:inglês
Publicado em: Amsterdam : Elsevier, 2004
Edição:1st ed
Colecção:Theoretical and Computational Chemistry 15
Assuntos:
Tags: Adicionar Tag
Sem tags, seja o primeiro a adicionar uma tag!

MARC

LEADER 00000nam a22000003a 4500
001 stu92152
005 20150617225621.4
008 041220s2004----ne------------------eng-d
020 |a 0-444-51300-0 
040 |a STU  |b slo 
041 0 |a eng 
044 |a ne 
080 |a 620 
100 1 |a Leszczynski, J.  |4 aut 
245 1 |a Computational Materials Science 
250 |a 1st ed 
260 |a Amsterdam :  |b Elsevier,  |c 2004 
300 |a 457 s 
650 7 |a vedy materiálové  |2 stusub 
830 0 |a Theoretical and Computational Chemistry  |v 15 
996 |b 284M042952  |c M*11538-1  |l MMKN  |s A  |a 24  |w stu92152_0001